[Event "Saint Louis Rapid & Blitz"]
[Site "Saint Louis, MO USA"]
[Date "2022.08.28"]
[EventDate "2022.08.26"]
[Round "9"]
[Result "0-1"]
[White "S Shankland"]
[Black "Jeffery Xiong"]
[WhiteElo "2720"]
[BlackElo "2690"]
[PlyCount "60"]

1. d4 Nf6 2. c4 e6 3. Nc3 Bb4 4. Nf3 Bxc3+ 5. bxc3 d6 6. Bg5 h6 7. Bh4 b6
8. Nd2 g5 9. Bg3 Bb7 10. e3 Nbd7 11. h4 Rg8 12. hxg5 hxg5 13. a4 Qe7 14. a5
O-O-O 15. axb6 axb6 16. Ra7 Rh8 17. Rg1 Nb8 18. Qa4 Nh5 19. c5 dxc5 20. Bb5
Nxg3 21. fxg3 cxd4 22. cxd4 e5 23. Nc4 exd4 24. Ke2 Qf6 25. Rf1 d3+ 26. Ke1
Qc3+ 27. Kd1 f5 28. g4 d2 29. Qc2 Qxc2+ 30. Kxc2 Be4+ 0-1